Jaraguá

Enregistré dans:
Détails bibliographiques
Auteur principal: Rodríguez Ruiz, Napoleón
Format: Livre
Langue:Undetermined
Publié: San Salvador, El Salvador Departamento Editorial del Ministerio de Cultura 1958
Édition:2
Sujets:
Tags: Ajouter un tag
Pas de tags, Soyez le premier à ajouter un tag!

MARC

LEADER 00000nam a2200000Ia 4500
008 170316s9999 xx 000 0 und d
040 |a cru BVZT 
090 |a 860 R-22j 
100 |a Rodríguez Ruiz, Napoleón 
245 |a Jaraguá 
250 |a 2 
260 |a San Salvador, El Salvador 
260 |b Departamento Editorial del Ministerio de Cultura 
260 |c 1958 
300 |a 446 páginas 
650 |a LITERATURA LATINOAMERICANA 
999 |c 9149  |d 9149 
942 |c 15 D  |h 860 R-22j  |2 z